| 000 | 00523nam a2200169Ia 4500 | ||
|---|---|---|---|
| 008 | 220216s9999 xx 000 0 und d | ||
| 100 | _aBandyopadhyay S | ||
| 245 | 0 | _aInteraction between carboxylated nitrile rubber and precipitated silica : Role of (3-Aminopropyl) triethoxysilane | |
| 260 |
_bRubber Chemistry and Technology _c1996 |
||
| 300 | _a637-647 | ||
| 650 | _aCarboxylated nitrile rubber | ||
| 650 | _aPrecipitated silica | ||
| 700 | _aDe AS K | ||
| 700 | _aDe P P | ||
| 700 | _aTripathy D K | ||
| 942 | _cJS | ||
| 999 |
_c61493 _d61493 |
||